الخدمة المكتبية الريفية : (رقم التسجيلة. 160771)

تفاصيل مارك
000 -LEADER
fixed length control field 01148nam a2200265 a 4500
003 - CONTROL NUMBER IDENTIFIER
control field EG-GiCUC
008 - FIXED-LENGTH DATA ELEMENTS--GENERAL INFORMATION
fixed length control field 211031s1979 ua a g 000 0 ara d
017 ## - COPYRIGHT OR LEGAL DEPOSIT NUMBER
Copyright or legal deposit number 1979 / 2729
Assigning agency مصر.دار الكتب
040 ## - CATALOGING SOURCE
Original cataloging agency EG-GiCUC
Language of cataloging ara
Transcribing agency EG-GiCUC
092 04 - LOCALLY ASSIGNED DEWEY CALL NUMBER (OCLC)
Classification number 027.4
Item number H197
Edition number 21
099 ## - LOCAL FREE-TEXT CALL NUMBER (OCLC)
Classification number 04
-- 027.4 H197
100 1# - MAIN ENTRY--PERSONAL NAME
Personal name الحلوجي: عبد الستار:
Dates associated with a name 1938-.
245 12 - TITLE STATEMENT
Title الخدمة المكتبية الريفية :
Remainder of title دراسة ميدانية /
Statement of responsibility, etc. إعداد عبد الستار الحلوجي.
260 ## - PUBLICATION, DISTRIBUTION, ETC.
Place of publication, distribution, etc. سرس الليان: المنوفية :
Name of publisher, distributor, etc. المركز الدولي للتعليم الوظيفي للكبار في العالم العربى:
Date of publication, distribution, etc. 1979.
300 ## - PHYSICAL DESCRIPTION
Extent 170 .ص :
Other physical details إيض.:
Dimensions 24 سم.
504 ## - BIBLIOGRAPHY, ETC. NOTE
Bibliography, etc. note يشتمل على ارجاعات ببليوجرافية.
650 #7 - SUBJECT ADDED ENTRY--TOPICAL TERM
Topical term or geographic name entry element الخدمات المكتبية
Source of heading or term .qrmak
650 #7 - SUBJECT ADDED ENTRY--TOPICAL TERM
Topical term or geographic name entry element المكتبات العامة
Source of heading or term .qrmak
650 #7 - SUBJECT ADDED ENTRY--TOPICAL TERM
Topical term or geographic name entry element المكتبات والمجتمع
Source of heading or term .qrmak
902 ## - LOCAL DATA ELEMENT B, LDB (RLIN)
No. of Items 1
905 ## - LOCAL DATA ELEMENT E, LDE (RLIN)
Cataloger حنان
Reviser مدخل
905 ## - LOCAL DATA ELEMENT E, LDE (RLIN)
Cataloger عفاف
Reviser مراجع
942 ## - ADDED ENTRY ELEMENTS (KOHA)
Source of classification or shelving scheme Dewey Decimal Classification
Koha item type Books
المقتنيات
Source of classification or shelving scheme Not for loan Home library Current library Date acquired Full call number Barcode Date last seen Copy number Koha item type
Dewey Decimal Classification   المكتبة المركزبة الجديدة - جامعة القاهرة قاعة المكتبات المهداة - الدور الرابع 11.02.2024 027.4 H197 D.H. 01000100165010000 23.06.2024 C.1 Books
Cairo University Libraries Portal Implemented & Customized by: Eng. M. Mohamady Contacts: new-lib@cl.cu.edu.eg | cnul@cl.cu.edu.eg
CUCL logo CNUL logo
© All rights reserved — Cairo University Libraries
CUCL logo
Implemented & Customized by: Eng. M. Mohamady Contact: new-lib@cl.cu.edu.eg © All rights reserved — New Central Library
CNUL logo
Implemented & Customized by: Eng. M. Mohamady Contact: cnul@cl.cu.edu.eg © All rights reserved — Cairo National University Library